Statystyki dla Państwa które produkują najwięcej tytoniu

Kliknij tutaj aby rozwiązać quiz!

Ogólne statystyki

  • Ten quiz został rozwiązany 78 razy
  • Średni wynik to 9 z 21

Statystyki odpowiedzi

#PaństwoProdukcja (tony)% Poprawnych
1Chiny2 242 177
93%
21Polska33 190
90%
3Indie749 907
88%
4Stany Zjednoczone241 870
88%
2Brazylia762 266
85%
10Argentyna104 093
73%
5Indonezja181 095
72%
9Pakistan106 727
61%
15Turcja80 200
49%
17Włochy59 299
49%
14Bangladesz89 013
46%
16Tajlandia67 230
45%
19Filipiny50 381
37%
18Laos54 005
24%
13Korea Północna91 319
15%
20Uganda35 063
7%
8Tanzania107 009
6%
7Zambia115 950
4%
6Zimbabwe132 200
4%
12Mozambik93 659
3%
11Malawi95 356
1%

Rozkład punktacji

Percentyl według liczby udzielonych odpowiedzi

Procent ludzi z każdym wynikiem

Twoja historia wyników

Nie rozwiązałeś tego quizu